00695nam a2200217Ia 4500003000400000005001700004008004100021020001800062040001800080041000800098082002000106100001900126245010200145250001100247260005000258300004700308650003400355650004200389650002200431700002400453OSt20260312161808.0210716s2016 xx 000 0 und d a9788184874976 cAIMIT LIBRARY aeng a511.3 21bHALS aHalder, Suman. aBasic computation and principle of computer programming /cBy Suman Halder and Surjakanta Sasmal. a1st ed aNew Delhi :bNarosa Publishing House ,c2016. axvii,16.26,A44,C6,SP20,I3p. ;bPBc24.5 cm aAlgorithm design and analysis aPointer and dynamic menory allocation aLibrary functions aSasmal, Surjakanta.